Statistieken voor Spanje Trivia Quiz

Klik hier om de quiz te nemen!

Algemene statistieken

  • Deze quiz is 1.322 keer genomen
    (1.302 sinds de laatste reset)
  • De gemiddelde score is 14 van 28

Antwoordstatistieken

HintAntwoord% Correct
HoofdstadMadrid
100%
Op één na meest bevolkte stadBarcelona
97%
Aangrenzende landenFrankrijk
85%
Aangrenzende landenPortugal
84%
Aangrenzende landenAndorra
80%
Traditioneel dutje of rust in de namiddagSiësta
80%
Regio waar de bovenstaande stad ligtCatalonië
78%
Spaans voor SpanjeEspaña
73%
Gebergte dat Spanje en Frankrijk scheidtPyreneeën
67%
Hoogste voetbaldivisieLa Liga
65%
Meest bevolkte eilandenMajorca
62%
Jaar waarin Columbus de Nieuwe Wereld ondekte1492
50%
Schiereiland van Spanje en Portugal{Iberisch} Schiereiland
50%
Huidige koningFelipe VI
49%
Noordelijke stad waar je het
Guggenheimmuseum kan vinden
Bilbao
48%
Dictator van 1939 tot 1975Francisco Franco
47%
"Guernica" schilderPablo Picasso
41%
Meest bevolkte eilandenTenerife
40%
Stad bekend van het StierenrennenPamplona
35%
Meest bevolkte eilandenGran Canaria
33%
Voormalige valutaPeseta
31%
"De Man van La Mancha"Don Quichot
23%
Man en vrouw die Spanje hebben verenigdIsabella
21%
Veroveraar van de AztekenHernán Cortés
19%
Rood specerij dat paella zijn smaak geeftSaffraan
18%
Man en vrouw die Spanje hebben verenigdFerdinand
15%
Auteur van het boek met de persoon hierbovenMiguel de Cervantes
14%
Veroveraar van de Inca'sFrancisco Pizarro
13%

Scoreverdeling

Percentiel versus Aantal Correcte Antwoorden

Procent van Mensen met Elke Score

Uw Scoregeschiedenis

U heeft deze quiz nog niet genomen sinds de laatste reset